LEADER 01216nam0-22003971i-450- 001 990007384400403321 005 20110912191010.0 010 $a0-12-560990-6 035 $a000738440 035 $aFED01000738440 035 $a(Aleph)000738440FED01 035 $a000738440 100 $a20110912d1999----km-y0itay50------ba 101 0 $aeng 102 $aUS 105 $aa---a---001yy 200 1 $a<>handbook of time-series analysis, signal processing and dynamics$fD.S.G. Pollock 210 $aSan Diego$cAcademic Press$dc1999 215 $aXX, 733 p.$cill.$d25 cm$e1 cd-rom 225 1 $aSignal processing and its applications 610 0 $aProbabilità$aMatematica applicata 610 0 $aAnalisi delle serie temporali$aSequenze finite 676 $a519.55$v21$zita 676 $a519.232 700 1$aPollock,$bD. S. G.$062556 801 0$aIT$bUNINA$gRICA$2UNIMARC 901 $aBK 912 $a990007384400403321 952 $a00 A2517$b4980$fDETEC 952 $aVI E 1016$b38619$fFSPBC 952 $a519.232-POL-1$b372$fSC1 959 $aFSPBC 959 $aDETEC 959 $aSC1 996 $aHandbook of time-series analysis, signal processing and dynamics$9692386 997 $aUNINA LEADER 01170nam--2200385---450- 001 990001187430203316 005 20160928121826.0 010 $a88-7684-753-7 035 $a000118743 035 $aUSA01000118743 035 $a(ALEPH)000118743USA01 035 $a000118743 100 $a20160928d2003----km-y0itay50------ba 101 0 $aita 102 $aIT 105 $ay|||||||001yy 200 1 $aSchiavo delle mie brame$e[storie di dipendenza da droghe, gioco d'azzardo, ossessioni di potere]$fLuigi Cancrini 210 $aMilano$cFrassinelli$d2003 215 $a240 p.$d21 cm 225 2 $aSaggistica 410 0$12001$aSaggistica 606 0 $aDipendenza psichica$2BNCF 676 $a616.8584 700 1$aCANCRINI,$bLuigi$f<1938- >$0161645 801 0$aIT$bsalbc$gISBD 912 $a990001187430203316 951 $aII.3. 4154$b2837 DSSS$cII.3.$d391246 959 $aBK 969 $aUMA 979 $aANGELA$b90$c20031008$lUSA01$h1247 979 $aANGELA$b90$c20031008$lUSA01$h1251 979 $aPATRY$b90$c20040406$lUSA01$h1725 979 $aANNAMARIA$b90$c20160928$lUSA01$h1218 996 $aSchiavo delle mie brame$91392730 997 $aUNISA